1510 1948 1667 1583 1678 1102 1344 1318 1404 1270 1317 1054 1612 1397 1171 1117 1724 1188 1432 1750 1116 1674 1045 1200 1303 1284 1372 1394 1440 1290 1150 1292 1472 1264 1252 1013 1866 1828 1679 1360 1499 1603 1985 1856 1788 1036 1554 1812 1809 1931 1090 1429 1632 1868 1285 1293 1873 1657 1894 1282 1659 1620 1646 1240 1508 1516 1115 1554 1202 1058 1649 1272 1248 1379 1442 1824 1980 1314 1876 1080 1725 1982 1542 1588 1957 1232 1998 1127 1434 1389 1168 1977 1657 1773 1845 1917 1451 1410 1434 BCNSPRNW ULIB Ver.6.0+V

เปลี่ยนเป็นภาษาไทย

Change to English
 แสดงรายละเอียดบรรณานุกรม
  กลับหน้าหลัก

Brief Record : Get Marc (ISO 2709) : E-mail record : QR code < ปิดหน้าต่าง
LEADER : 00000nam 2200000uu 4500
001    13399112158
003     ULIB
008    110627s1168||||th 000 0 tha d
020    9786165200318
090    นว.^bต389ก มปป.
100 0  ติญญา
245 00 กำแพงแห่งใจ/^cติญญา
250    พิมพ์ครั้งที่ 1
260    กรุงเทพฯ :^b1168 พับลิชชิ่ง,^cมปป.
300    287 หน้า
710 1  1168 พับลิชชิ่ง
945    ^p189^l0^i028089
995    ทศพร
999 ^a ใช้งานได้ทุกระบบ
รายการนี้ยังไม่มีแท็ก
คุณยังไม่ได้ล็อกอิน คุณสามารถมีกิจกรรมร่วมกับเว็บไซต์ได้ แต่ต้องล็อกอินก่อน ::
  ล็อกอิน

รายการสื่อสารสนเทศ

ลำดับที่ ประเภท เลขเรียก/บาร์โค้ด สถานที่ สถานะ
- ไม่พบข้อมูล -

BibComment


ยังไม่เคยถูกคอมเมนท์

คอมเมนท์ทรัพยากรรายการนี้
  คอมเมนท์: กำแพงแห่งใจ ติญญา


 Copyright 2026. Bcnsprnw @Library